| 000 | 00351nam a2200145Ia 4500 | ||
|---|---|---|---|
| 008 | 150201s2010 xx 000 0 und d | ||
| 082 |
_a617.692 _bC2010M |
||
| 100 | _aMISCH,CARLS | ||
| 245 | _aCONTEMPORARY IMPLANT DENTISTRY | ||
| 250 | _a3RD | ||
| 260 |
_bMOSBY _aNEW DELHI _c2010 |
||
| 300 | _a1-1102 | ||
| 650 | _aIMPLANTOLOGY | ||
| 942 |
_2ddc _cBK _06 |
||
| 999 |
_c4556 _d4556 |
||